| 000 | 00629nam a22002417a 4500 | ||
|---|---|---|---|
| 003 | OSt | ||
| 005 | 20151105105350.0 | ||
| 008 | 130308t xxu||||| |||| 00| 0 eng d | ||
| 020 | _a9781853261893 | ||
| 050 |
_aPZ 3. _b.M452 1997 |
||
| 082 |
_aIB 808.8381 _bD39 1997 |
||
| 100 | _aMaupassant, Guy De | ||
| 245 |
_aThe best short stories _cA modern translation by Gerard Hopkins. |
||
| 260 |
_aWare _bHertfordshire Wordsworth Editions Limited _cc1997 |
||
| 300 |
_a237p _c20cm. |
||
| 521 | _aGrade 9 | ||
| 526 | _c960L-1110L | ||
| 562 | _e3 | ||
| 942 |
_2lcc _cBK |
||
| 999 |
_c2268 _d2268 |
||